000
00259nam a22001217a 4500
008
180228b xxu||||| |||| 00| 0 eng d
041
_a
eng
080
_a
61
100
_a
4
101
_a
SHM
245
_a
MEDICINE PUBLIC HEALTH
_c
ROZ.D.L
942
_2
udc
_c
BK
999
_c
43687
_d
43687